000 01161cam a22002653a 4500
001 7239
003 PGUSA
005 20140828083142.0
008 050101s2005||||xxu|||||s|||||000 1 eng d
040 _aPGUSA
_beng
042 _adc
050 4 _aPS
100 1 _aCrane, Stephen,
_d1871-1900
245 1 0 _aMen, Women, and Boats
_h[electronic resource] /
_cStephen Crane
260 _bProject Gutenberg,
_c2005
505 0 _aStephen Crane: An estimate -- The open boat -- The reluctant voyagers -- The end of the battle -- The upturned face -- An episode of war -- An experiment in misery -- The duel that was not fought -- A desertion -- A dark-brown dog -- The pace of youth -- Sullivan County sketches: A tent in agony. Four men in a cave. The mesmeric mountain -- The snake -- London impressions -- The Scotch express.
506 _aPublic domain in the USA.
516 _aElectronic text
653 _aUnited States -- Social life and customs -- 19th century -- Fiction
653 _aShort stories
700 1 _aStarrett, Vincent,
_d1886-1974
830 0 _aProject Gutenberg
_v7239
856 4 0 _uhttp://www.gutenberg.org/ebooks/7239
942 _cEB
999 _c236559
_d236559